000 00303nam a2200133Ia 4500
100 _aNorton/P./ Socha/J.
942 _cBK
654 _aComputer
245 _aAssembly Language book for the IBM PC
260 _bPrentice Hall
_aNew Delhi
_c1993
082 _a5.136
546 _aENGLISH
999 _c22464
_d22464